Complete the lyrics and questions on Taylor Swift - Statistiques

Statistiques générales
  • Ce quiz a été pris 47 fois
  • Le résultat moyen est 11 sur 15
Statistiques - réponses
Question Réponse % Correct
"I'm in the room..." You belong with me - Taylor Swift It's a typical Tuesday night
96%
What is the name of her last concert ? The Eras Tour
96%
"And maybe we got lost in translation ..." - All too well - Taylor Swift Maybe I asked for too much
92%
"Please don't be in love with someone else..." Enchanted - Taylor Swift Please don't have somebody waiting on you
92%
Which album is named after a colour ? Red
92%
Who is Taylor Swift's boyfriend ? Travis Kelce
92%
What is Taylor Swift's favourite animal ? Cats
88%
When Taylor Swift was born ? 13 december 1989
81%
Where Taylor Swift has born ? Pennsylvania
81%
What type of hair does Taylor Swift have ? Curly
77%
"He said he'd love me for all time..." I can do it with a broken heart - Taylor Swift But that time was quite short
73%
"Talk your talk and go viral..." Lavender Haze - Taylor Swift I just need this love spiral
58%
When the Eras Tour 2024 ends ? 8 december 2024
50%
When the Eras Tour 2024 start ? 17 mars 2024
27%
What is Taylor Swift's most-listened-to album ? The Tortured Poets Department
15%
Aucun quiz correspondant
Distribution des résultats
% des personnes avec chaque résultat
Percentile par nombre de réponses
Votre historique - résultats
Vous n’avez pas pris ce quiz